| 000 | 01279nam a22003737a 4500 | ||
|---|---|---|---|
| 003 | CHAP | ||
| 005 | 20220329141155.0 | ||
| 008 | 971010s1984 r 00010 d | ||
| 010 | _a63840 | ||
| 011 | _a64812 | ||
| 035 | _a70940 | ||
| 040 | _cCHAP | ||
| 090 | _aTesis | ||
| 100 | 0 | 0 |
_aChacón Quezada, Mario Enrique. _921704 |
| 245 | _aEvaluación del uso de suero de leche fresca en lechones de bajo peso redrojos al destete | ||
| 260 |
_aChapingo, Méx. : _bEl autor, _c1984 |
||
| 300 | _a47 h. gráfs. | ||
| 502 | _aTesis (Ing. Agr. Esp. en Zootecnia) -- UACH. Departamento de Zootecnia | ||
| 590 |
_aALEPH _b10 _c20130110 _lUCH01 _h1347 |
||
| 590 |
_aBATCH-UPD _b10 _c20130110 _lUCH01 _h0946 |
||
| 590 |
_aBATCH-UPD _b10 _c20130410 _lUCH01 _h0601 |
||
| 590 |
_aBATCH-UPD _b10 _c20130914 _lUCH01 _h1522 |
||
| 590 |
_aCONVERSION _b10 _c20130109 _lUCH01 _h1334 |
||
| 650 | 1 | 4 |
_aGanado porcino _xAlimentación. _945329 |
| 650 | 1 | 4 |
_aGanado porcino _xPeso. _945396 |
| 650 | 1 | 4 |
_aLeche _xSubproductos. _965410 |
| 650 | 1 | 4 |
_aLechones _xDestete. _965445 |
| 650 | 1 | 4 |
_aSuero. _9110585 |
| 901 | _aBK | ||
| 942 | _cFOLL | ||
| 949 |
_aCH295 _bZ _cTESBD _d-3531 _eTS1 _i70940 _si |
||
| 949 |
_bBC _cTES _d-138759 _eTS1 _h17239 _i70940 _si |
||
| 949 |
_bBC _cTES _d-138760 _eTS2 _fc.2 _h17240 _i70940 _si |
||
| 999 |
_c63840 _d63840 |
||